Statistiques concernant Capitales d'Amérique du Nord

Cliquez ici pour prendre le quiz!

Statistiques générales

  • Ce quiz a été pris 14 614 fois
    (14 595 depuis la dernière actualisation)
  • Le résultat moyen est 13 sur 23

Statistiques - réponses

PaysCapitale% Correct
CanadaOttawa
93%
MexiqueMexico
91%
CubaLa Havane
81%
PanamaPanama
80%
États-UnisWashington D.C
80%
GuatemalaGuatemala
72%
JamaïqueKingston
67%
SalvadorSan Salvador
66%
HaïtiPort-au-Prince
65%
République dominicaineSaint-Domingue
60%
Costa RicaSan José
60%
BahamasNassau
54%
Saint-Vincent-et-les-GrenadinesKingstown
53%
Trinité-et-TobagoPort d'Espagne
50%
NicaraguaManagua
48%
Antigua-et-BarbudaSaint John's
45%
HondurasTegucigalpa
44%
BelizeBelmopan
43%
DominiqueRoseau
40%
Saint-Christophe-et-NiévèsBasseterre
39%
BarbadeBridgetown
38%
GrenadeSaint George's
38%
Sainte-LucieCastries
36%

Distribution des résultats

Percentile par nombre de réponses

% des personnes avec chaque résultat

Votre développement - résultats

Vous n’avez pas pris ce quiz depuis la dernière actualisation